AKP ve akıbeti (Record no. 10124)

MARC details
000 -BAŞLIK
Sabit Uzunlukta Kontrol Alanı 00984na a2200313 4500
001 - KONTROL NUMARASI
Denetim Alanı 14656
003 - KONTROL NUMARASI IDENTIFIER
Denetim Alanı MIRAKIL
005 - SON İŞLEM TARİHİ VE ZAMANI
Denetim Alanı 20181213155308.0
008 - SABİT-BOY VERİ ELEMANLARI - GENEL BİLGİLER
Sabit Uzunlukta Kontrol Alanı 161025b tu 000 0
035 ## - SİSTEM KONTROL NUMARASI
Sistem Kontrol Numarası 14656
040 ## - KATALOGLAMA KAYNAK
Orijinal Kataloglama Ajansı Milas
Kataloglama Dili tur
Metne Dönüştürmek Ajansı TR-AnCHP
041 ## - DİL KODU
Metin / Ses Parça Veya Ayrı Başlığın Dil Kodu tur
082 ## - DEWEY ONLU SINIFLANDIRMA NUMARASI
Sınıflandırma Numarası 324.2182
Ürün Numarası A43a 2005
090 ## - SINIFLAMA NUMARASI
Sınıflama Numarası 324.2182 A43a 2005
100 ## - ANA GİRİŞ - KİŞİSEL İSİM
Kişisel Ad Akgül, Ahmet
245 ## - BAŞLIK TABLOSU
Başlık AKP ve akıbeti
Sorumluluk Tablosu, Vb Ahmet Akgül
260 ## - YAYIN, DAĞITIM, VB
Yayın, Dağıtım, Vb Yeri İstanbul
Yayıncı, Dağıtıcı, Vs Adı Milli çözüm yayınları
Yayın, Dağıtım, Vb Tarihi 2005
300 ## - FİZİKSEL TANIM
Kapsam 605 s.
Boyutlar 22 sm.
490 ## - SERİSİ TABLOSU
Seri Beyanı Milli siyasette kirli hesaplar
500 ## - GENEL NOT
Genel Not İç kapakta yapıt adı: Milli siyasette kirli hesapları : AKP ve akibeti
500 ## - GENEL NOT
Genel Not Dış kapakta yapıt adı : AKP ve akibeti
600 ## - KONU KATMA GİRİŞ - KURUMSAL ADI
Kişisel Ad Erdoğan, Recep Tayyip
Genel Alt Bölümü Siyaset ve yönetim
610 ## - KONU KATMA GİRİŞ - TOPLANTI ADI
Giriş Elemanı Olarak Kurumsal Ad Veya Yargı Alanı Adı AKP
Genel Alt Bölüm Siyaset ve yönetim
650 ## - KONU KATMA GİRİŞ - TOPİKAL DÖNEM
Topikal Süreli Veya Coğrafi Ad Giriş Elemanı Siyaset sosyolojisi
651 ## - KONU KATMA GİRİŞ - COĞRAFİ ADI
Coğrafi İsim Türkiye
Genel Alt Bölümü Siyaset ve yönetim
Kronolojik Alt Bölümü 2002-
740 ## - KATMA GİRİŞ - KONTROLSUZ İLGİLİ / ANALİTİK BAŞLIK
Kontrol Edilmeyen / İlgili Analitik Başlıktaki Milli siyasette kirli hesaplar
942 ## - EKLENDİ GİRİŞ ELEMANLARI (KOHA)
Sınıflandırma Veya Raf Düzeni Kaynak Dewey Decimal Classification
Koha Öğesi Türü Books
999 ## - SİSTEM KONTROL NUMARALARI (KOHA)
Koha Biblionumber 10124
Koha Biblioitemnumber 10124
657 ## - INDEX SÜRE - İŞLEVİ
-- AKP eleştirisi
Holdings
Kalıcı Konum Mevcut Konum Edinme Tarihi Edinim Kaynak Toplam Check-Out'Lar Tam Çağrı Numarası Barkod Tarih Son Görülme İtibaren Geçerli Fiyatlar Koha Öğesi Türü
CHP Kütüphanesi CHP Kütüphanesi 08/30/2016 Bağış   324.2182 A43a 2005 001465 08/30/2016 08/30/2016 Books